01208nam a2200265 a 4500001001000000003000900010005001700019007000300036008004100039020001500080040002500095049000900120100004300129245006800172260003800240300002800278590002600306942001400332952012100346952012400467952011800591952010800709952010800817999001700925000025689DO-SdBNP20220302095557.0ta110221s2004 dr ac 000 0 spa d a9993497444 aDO-SdBNPbspacBNPHU aBNPD1 aCabral Peña Gómez, Peggy de95246110aConversando con Peggy Cabral /cPeggy Cabral de Peña Gómez. aSanto Domingo :bManatí,c2004. a324 p. :bil. ;c23 cm. aInventariado, 2022/BT 2ddccLBS1 00102ddc758DSaBNPHUbBNPHUcCTd2011-02-21eDepósito Legall0o p25689-30r2020-06-25te. 3w2020-06-25yLBS1 00102ddc53708PDaBNPHUbBNPHUcHDd2011-02-21eDepósito Legall0o p25689-10r2020-06-25te. 2w2020-06-25yLBS1 00102ddc53708PDaBNPHUbBNPHUcHDd2011-02-21eDepósito Legall0o p25689-20r2020-06-25w2020-06-25yLBS1 00102ddc758DSaBNPHUbBNPHUcCTd2022-03-02eCompral0p2022-0831r2022-03-02te.4w2022-03-02yLBS1 00102ddc758DSaBNPHUbBNPHUcCTd2022-03-02eCompral0p2022-0832r2022-03-02te.5w2022-03-02yLBS1 c25181d25181